| 000 | 00989nam a22002777a 4500 | ||
|---|---|---|---|
| 003 | CHAP | ||
| 005 | 20220329134014.0 | ||
| 008 | 971013s1962 r 00010 d | ||
| 010 | _a13972 | ||
| 011 | _a14944 | ||
| 035 | _a19018 | ||
| 040 | _cCHAP | ||
| 100 | 0 | 0 |
_aGonzález Gallardo, Alfonso. _948916 |
| 245 | _aNotas complementacias al informe rendido por el Dr. Roger P. Humbert... sobre las operaciones de campo para el cultivo de la caña en Cuatotolapam... | ||
| 260 |
_aMéxico, D.F. : _bInstituto para el Mejoramiento de la Producción de Azúcar, _c1962 |
||
| 300 | _a20 h. | ||
| 590 |
_aBATCH-UPD _b10 _c20130110 _lUCH01 _h2057 |
||
| 590 |
_aBATCH-UPD _b10 _c20130410 _lUCH01 _h1409 |
||
| 590 |
_aBATCH-UPD _b10 _c20130914 _lUCH01 _h0835 |
||
| 590 |
_aCONVERSION _b10 _c20130109 _lUCH01 _h1309 |
||
| 650 | 1 | 4 |
_aCaña de azúcar _zVeracruz. _918672 |
| 650 | 1 | 4 |
_aIngenio de Cuatotolapan, Ver. _958289 |
| 901 | _aBK | ||
| 942 | _cFOLL | ||
| 949 |
_bBC _cFOLL _d-44186 _eTS1 _i19018 _mD _si |
||
| 999 |
_c13972 _d13972 |
||